| 000 | 01019nam a22002537a 4500 | ||
|---|---|---|---|
| 005 | 20170124103154.0 | ||
| 010 | _aB-178047 | ||
| 020 |
_c00.00 _a8190274120 |
||
| 035 | _aB-178047 | ||
| 037 | _bCen Lib/Ret | ||
| 040 |
_aDPL _bHN |
||
| 082 |
_a657.42 _bकोलील |
||
| 100 |
_aकोली, लक्ष्मीनारायण _945269 |
||
| 245 |
_aलागत लेखांकन / _cलक्ष्मीनारायण कोली |
||
| 246 |
_aLagat lekhankan / _bbyLakshminarayan Koli |
||
| 260 |
_aआगरा _bवाई.के. पब्लिशेर्स _c2005 |
||
| 270 |
_bआगरा _aब्लोक, 77, संजय प्लेस _e2 |
||
| 300 |
_a159पृ. _c20सेमी(सजिल्द ) |
||
| 650 |
_aलागत लेखांकन _x _z _959924 |
||
| 650 |
_aइकाई लागत विधि _988995 |
||
| 650 |
_acost accounting _988996 |
||
| 650 |
_aUnit costing _988997 |
||
| 942 |
_2ddc _cHN _h6507.42 _mकोलील |
||
| 999 |
_c120174 _d120174 |
||